00804nam a2200181 a 450000100100000000500170001000800410002704000250006808200080009313000820010124001030018324501010028626000810038730000200046804900090048895201080049799900170060500003059820200930062411.0110524s1946 dr 000 0 spa d aDO-SdBNPbspacBNPHU axxx1 aRepública DominicanabSecretaría de Estado de Relaciones exteriores92814 0a[Tratados, convenciones y acuerdos vigentes en la República Dominicana el 1ro de julio de 1946.] 0aTratados, convenciones y acuerdos vigentes en la República Dominicana el 1ro de julio de 1946. aCiudad Trujillo, República Dominicana, :bLuis Sánchez Andújar,c1946. a62 p. ;c24 cm. aBNPD 001050718RVaPDbPDcCTd2011-05-24iLF1l0oxxx p30598-10r2020-06-25w2020-06-25y1ZNo se presta c30090d30090